Il corpo umano in inglese - Statistics

Statistiche generali
  • Questo quiz è stato fatto 296 volte
  • Il punteggio medio è 23 su 28
Statistiche sulle risposte
Hint Risposta % Corretto
occhio eye
98%
piede foot
97%
mano hand
97%
faccia face
96%
naso nose
96%
gamba leg
95%
capelli hair
94%
cuore heart
94%
testa head
93%
bocca mouth
93%
sangue blood
91%
braccio arm
90%
dito finger
90%
cervello brain
88%
orecchio ear
88%
pelle skin
84%
spalla shoulder
83%
dente tooth
80%
labbra lips
77%
lingua tongue
76%
ginocchio knee
71%
petto chest
70%
unghia nail
70%
fegato liver
56%
polmone lung
54%
gomito elbow
50%
rene kidney
44%
anca hip
39%
Nessun quiz corrispondente trovato
Distribuzione punteggi
Percentuale di utenti per punteggio
Percentile per numero di risposta
I tuoi punteggi nel tempo
Non hai fatto questo quiz